000 00478nam a2200193Ia 4500
005 20250326141245.0
008 250326s9999 xx 000 0 und d
037 _aTextbook
040 _aFMSL
_beng
_cFMSL
041 _aeng
_2eng
084 _qFMSL
100 _aZikmund W G
245 0 _aMarketing
_cZikmund W G; D'amico M
250 _aEd 4
260 _aWest
_bWest, Publications Corporation
_c1993
300 _a793p
942 _cTB
999 _c1289463
_d1289463